000 00211nam a22000857a 4500
999 _c11690
_d11690
008 191203b ||||| |||| 00| 0 eng d
100 _aShowers Paul
_97389
245 _aEars are for Hearing
260 _aNew York
_c1990